000 01349cam a2200217 4500
001 L129313
008 050411n2005 000 0 eng u
035 _a(Sirsi) u129313
041 _aeng
050 _a690.22
_c18
110 _aGreat Britain
_bHealth and Safety Commission
245 _aRevision of the Construction (Design and Management) Regulations (CDM) 1994, Construction (Health, Safety and Welfare) (CHSW) Regulations 1996, Approved Code of Practice (ACoP) and guidance
260 _aLondon
_bHSE
_c2005
520 _aConsultation document published by the Health and Safety Commission sets out proposals for new Regulations to consolidate and replace the Construction (Design and Management) Regulations 1994 and the Construction (Health, Safety and Welfare) Regulations 1996. The proposals aim to simplify the Regulations, focus on planning and management, and encourage co-ordination and co-operation between designers and contractors. The consultation closes on 29 July 2005.
590 _aIKA150405
650 _aCONSTRUCTION (DESIGN AND MANAGEMENT) REGULATIONS 1994
650 _aCONSTRUCTION (HEALTH, SAFETY AND WELFARE) REGULATIONS 1996
690 _aHealth and safety
_96244
856 _uhttps://consultations.hse.gov.uk/consult.ti/conregs/listdocuments
_zView the item free of charge at www.hse.gov.uk...
942 _n0
999 _c104145
_d104145